[Event "Quebec op U1700"]
[Site "Montreal CAN"]
[Date "2010.07.29"]
[Round "7"]
[White "Tremblay, Manuel"]
[Black "Harbi, Imed"]
[Result "1/2-1/2"]
[WhiteElo "1446"]
[BlackElo "1300"]
[PlyCount "82"]
[EventDate "2010.07.24"]
[EventType "swiss"]
[EventRounds "9"]
[EventCountry "CAN"]

1. d4 Nf6 2. c4 g6 3. Nc3 Bg7 4. e4 d6 5. Nf3 O-O 6. Be2 Na6 7. O-O e5 8. h3
Nh5 9. Be3 c6 10. d5 c5 11. Nd2 Nf6 12. Rb1 Ne8 13. a3 f5 14. exf5 Bxf5 15.
Nde4 Nf6 16. Bd3 Rb8 17. Qd2 Nc7 18. Bh6 Qe7 19. Bg5 Qd7 20. b4 Nxe4 21. Bxe4
b6 22. b5 Ne8 23. Rbe1 Nf6 24. Bxf6 Rxf6 25. Bxf5 gxf5 26. Ne2 f4 27. Qd3 Rbf8
28. Qf3 Rg6 29. Nc3 Rh6 30. Ne4 Rf5 31. Kh2 Rf8 32. Rh1 Qe7 33. Kg1 Ra8 34. Kf1
Kh8 35. Ke2 Rg6 36. Ra1 Bf6 37. a4 Rgg8 38. Rhg1 Bg5 39. a5 Bh6 40. a6 Qg7 41.
Kf1 Qe7 1/2-1/2

[Event "Quebec op U1700"]
[Site "Montreal CAN"]
[Date "2010.07.30"]
[Round "8"]
[White "Harbi, Imed"]
[Black "Brule, Daniel"]
[Result "1-0"]
[WhiteElo "1300"]
[BlackElo "1402"]
[PlyCount "68"]
[EventDate "2010.07.24"]
[EventType "swiss"]
[EventRounds "9"]
[EventCountry "CAN"]

1. e4 c5 2. Nf3 d6 3. d3 g6 4. g3 Bg7 5. Bg2 Nf6 6. O-O O-O 7. e5 Ng4 8. exd6
exd6 9. Re1 Nc6 10. Bf4 Bxb2 11. Nbd2 Bxa1 12. Qxa1 Nce5 13. h3 Nxf3+ 14. Nxf3
Ne5 15. Nxe5 dxe5 16. Qxe5 Qd4 17. Qe7 Be6 18. Be5 Qd8 19. Qxc5 Rc8 20. Qxa7
Rxc2 21. d4 Rxa2 22. Qxb7 Qa5 23. Rb1 Bc4 24. Qf3 Qd8 25. Bf6 Qd6 26. Be5 Qe6
27. Rc1 Ra4 28. Bf6 Be2 29. Qf4 Rc4 30. Re1 Rc2 31. Be4 Rb2 32. d5 Qxh3 33.
Bxb2 f5 34. Qe5 Qh6 1-0

[Event "Quebec op U1700"]
[Site "Montreal CAN"]
[Date "2010.07.31"]
[Round "9"]
[White "Harbi, Imed"]
[Black "Courtemanche, Sylvain"]
[Result "0-1"]
[WhiteElo "1300"]
[BlackElo "1374"]
[PlyCount "67"]
[EventDate "2010.07.24"]
[EventType "swiss"]
[EventRounds "9"]
[EventCountry "CAN"]

1. e4 e6 2. d3 d5 3. Nd2 Be7 4. Ngf3 Nf6 5. e5 Nfd7 6. g3 O-O 7. Bg2 c5 8. O-O
Nc6 9. Re1 Qc7 10. Nf1 Ndxe5 11. Nxe5 Nxe5 12. Bf4 Bd6 13. h4 Bd7 14. Nh2 Bc6
15. Qe2 Nd7 16. Bg5 h6 17. Bd2 d4 18. Be4 Nf6 19. Bxc6 Qxc6 20. Ng4 Nd5 21.
Nxh6+ gxh6 22. Bxh6 Nf6 23. Bxf8 Kxf8 24. Kh2 Ke7 25. f3 Rh8 26. Kh3 Rg8 27. g4
Nh5 28. Qd2 Nf4+ 29. Kg3 Nxd3+ 30. Kg2 Rxg4+ 31. Kf1 Nxb2 32. Qe2 Rg3 33. Kf2
Rh3 34. Rab1 0-1

[Event "Quebec op U2000"]
[Site "Montreal CAN"]
[Date "2010.07.24"]
[Round "1"]
[White "De Lagrave, Sylvain"]
[Black "Cote-Lalumiere, Tristan"]
[Result "0-1"]
[WhiteElo "1999"]
[BlackElo "1799"]
[PlyCount "44"]
[EventDate "2010.07.24"]
[EventType "swiss"]
[EventRounds "9"]
[EventCountry "CAN"]

1. e4 c5 2. Nf3 d6 3. d4 cxd4 4. Qxd4 Nc6 5. Bb5 Bd7 6. Bxc6 Bxc6 7. Nc3 Nf6 8.
Bg5 e6 9. O-O-O Be7 10. Qd3 Qc7 11. Nd4 Nxe4 12. Bxe7 Nxf2 13. Qg3 Nxh1 14.
Qxg7 Kxe7 15. Nxe6 Kxe6 16. Re1+ Kd7 17. Qxf7+ Kc8 18. Re7 Qd8 19. Qe6+ Kb8 20.
Ne4 Re8 21. Rxe8 Qxe8 22. Qxd6+ Kc8 0-1

[Event "Quebec op U2000"]
[Site "Montreal CAN"]
[Date "2010.07.24"]
[Round "1"]
[White "Morin, Louis"]
[Black "Gerard, Patrice"]
[Result "0-1"]
[WhiteElo "1928"]
[BlackElo "1764"]
[PlyCount "110"]
[EventDate "2010.07.24"]
[EventType "swiss"]
[EventRounds "9"]
[EventCountry "CAN"]

1. e4 c5 2. d4 cxd4 3. c3 dxc3 4. Nxc3 Nc6 5. Nf3 g6 6. Bc4 Bg7 7. O-O Nf6 8.
h3 d6 9. e5 dxe5 10. Qxd8+ Nxd8 11. Nb5 O-O 12. Nc7 Rb8 13. Nxe5 Nd7 14. Ng4
Ne5 15. Be2 Nxg4 16. hxg4 Nc6 17. Rb1 Nd4 18. Bd1 Rd8 19. Be3 Be5 20. Bxd4 Rxd4
21. Nb5 Rb4 22. Nxa7 Bxg4 23. a3 Bf5 24. axb4 Bxb1 25. Be2 Bf5 26. b3 Ra8 27.
Nb5 Ra2 28. Bc4 Bd7 29. Rd1 Bxb5 30. Bxb5 Bd6 31. g3 Bxb4 32. Rd3 Kg7 33. Bc4
Ra5 34. Rd5 Ra1+ 35. Kg2 b6 36. Rb5 Bc5 37. b4 Bd4 38. Rd5 Bc3 39. Rb5 Rb1 40.
Rxb6 Rxb4 41. Rxb4 Bxb4 42. f4 Bd2 43. Kf3 h5 44. Bb3 Be1 45. Bc4 h4 46. g4 f6
47. f5 Kh6 48. Bd3 gxf5 49. Bxf5 e5 50. Bd3 Kg5 51. Bf1 e4+ 52. Ke2 Kxg4 53.
Kxe1 Kg3 54. Ba6 h3 55. Bb7 f5 0-1

[Event "Quebec op U2000"]
[Site "Montreal CAN"]
[Date "2010.07.24"]
[Round "1"]
[White "Ramaswamy, Kiran"]
[Black "Dydak, Mateusz"]
[Result "0-1"]
[WhiteElo "1782"]
[BlackElo "1997"]
[PlyCount "77"]
[EventDate "2010.07.24"]
[EventType "swiss"]
[EventRounds "9"]
[EventCountry "CAN"]

1. c4 g6 2. g3 Bg7 3. Bg2 f5 4. Nc3 Nf6 5. e3 O-O 6. Nge2 e5 7. O-O Na6 8. d4
e4 9. Rb1 Nb4 10. b3 Nd3 11. Ba3 Re8 12. Nf4 Nxf4 13. exf4 c6 14. Bd6 Re6 15.
c5 Nd5 16. Na4 b5 17. Nb2 Nc3 18. Qd2 Nxb1 19. Rxb1 Rxd6 20. cxd6 Qf6 21. Qb4
a5 22. Qc5 Qxd4 23. Qxd4 Bxd4 24. a3 Bc5 25. a4 Bxd6 26. axb5 cxb5 27. Bf1 Rb8
28. Rd1 Ba3 29. Rd2 Bxb2 30. Rxb2 d5 31. Ra2 d4 32. Rxa5 d3 33. f3 Be6 34. fxe4
fxe4 35. Kf2 Bxb3 36. Ke3 Bc4 37. Bg2 Rd8 38. Ra1 Bb3 39. Kd2 0-1

[Event "Quebec op U2000"]
[Site "Montreal CAN"]
[Date "2010.07.25"]
[Round "2"]
[White "Sarrazin-Gendron, Roman"]
[Black "Dion, Etienne"]
[Result "1-0"]
[WhiteElo "1914"]
[BlackElo "1755"]
[PlyCount "56"]
[EventDate "2010.07.24"]
[EventType "swiss"]
[EventRounds "9"]
[EventCountry "CAN"]

1. Nf3 Nf6 2. c4 g6 3. Nc3 Bg7 4. d4 d6 5. e4 O-O 6. Be2 e5 7. O-O Nc6 8. d5
Ne7 9. Ne1 Ne8 10. Be3 f5 11. f3 f4 12. Bf2 g5 13. g4 Ng6 14. Nd3 c5 15. dxc6
bxc6 16. Nb4 Qc7 17. c5 a5 18. Nbd5 cxd5 19. Qxd5+ Rf7 20. Qxa8 dxc5 21. Bc4
Bd7 22. Bxf7+ Kxf7 23. Qd5+ Be6 24. Qxc5 Qb7 25. b3 Bf8 26. Qxa5 Bb4 27. Qb5
Qe7 28. Nd5 Qd6 1-0

[Event "Quebec op U2000"]
[Site "Montreal CAN"]
[Date "2010.07.25"]
[Round "3"]
[White "Hebert, Pierre"]
[Black "Morin, Louis"]
[Result "0-1"]
[WhiteElo "1652"]
[BlackElo "1928"]
[PlyCount "80"]
[EventDate "2010.07.24"]
[EventType "swiss"]
[EventRounds "9"]
[EventCountry "CAN"]

1. d4 e5 2. dxe5 Nc6 3. Nf3 Qe7 4. Nbd2 Nxe5 5. e3 d5 6. Bb5+ c6 7. Be2 Nf6 8.
b3 Ne4 9. Bb2 Nxf3+ 10. Bxf3 Bf5 11. Qe2 Ng5 12. c4 Nxf3+ 13. Nxf3 Qb4+ 14. Nd2
dxc4 15. a3 Qb6 16. Qxc4 Be6 17. Qc2 f6 18. O-O Be7 19. b4 Kf7 20. Bd4 Qc7 21.
Bc5 Rad8 22. Bxe7 Qxe7 23. Nf3 g6 24. Rad1 Bd5 25. Rfe1 Rhe8 26. Nd4 Kg7 27.
Ne2 Qf7 28. Nd4 Rd7 29. e4 Qe7 30. f3 Bf7 31. Ne2 Red8 32. Nc3 Qe5 33. Qc1 Bb3
34. Rxd7+ Rxd7 35. Qe3 Bc2 36. Re2 Rd3 37. Qxa7 Qxc3 38. Qxb7+ Kh6 39. Qc8 Qd4+
40. Kf1 Rd1+ 0-1

[Event "Quebec op U2000"]
[Site "Montreal CAN"]
[Date "2010.07.26"]
[Round "4"]
[White "Morin, Louis"]
[Black "Gauthier, Luc"]
[Result "1-0"]
[WhiteElo "1928"]
[BlackElo "1716"]
[PlyCount "97"]
[EventDate "2010.07.24"]
[EventType "swiss"]
[EventRounds "9"]
[EventCountry "CAN"]

1. e4 Nf6 2. Nc3 d5 3. e5 d4 4. exf6 dxc3 5. fxg7 cxd2+ 6. Qxd2 Qxd2+ 7. Bxd2
Bxg7 8. O-O-O Nc6 9. Nf3 Bg4 10. Be2 O-O 11. Rhe1 h6 12. h3 Bf5 13. Bb5 e6 14.
Bxc6 bxc6 15. Bf4 Rab8 16. Be5 Rfd8 17. Rxd8+ Rxd8 18. Bxc7 Rd5 19. Be5 Rc5 20.
c3 Rd5 21. Bxg7 Kxg7 22. Nd4 Rc5 23. g4 Bg6 24. Rxe6 Rxc3+ 25. bxc3 fxe6 26. f4
Be4 27. Nxe6+ Kf6 28. Nc5 Bg2 29. h4 Bf3 30. g5+ hxg5 31. hxg5+ Kf5 32. Nd3 Bd5
33. a3 Ke4 34. Kd2 Bc4 35. Ne5 Be6 36. Nxc6 Kxf4 37. Nxa7 Kxg5 38. Kd3 Kf5 39.
Kd4 Bb3 40. c4 Ke6 41. Kc5 Kd7 42. Kb4 Bd1 43. a4 Kc7 44. Nb5+ Kb7 45. Nc3 Bf3
46. Nd5 Kc6 47. a5 Bxd5 48. cxd5+ Kxd5 49. Kb5 1-0

[Event "Quebec op U2000"]
[Site "Montreal CAN"]
[Date "2010.07.27"]
[Round "5"]
[White "Plante, Marc-Eric"]
[Black "Morin, Louis"]
[Result "1-0"]
[WhiteElo "1710"]
[BlackElo "1928"]
[PlyCount "95"]
[EventDate "2010.07.24"]
[EventType "swiss"]
[EventRounds "9"]
[EventCountry "CAN"]

1. e4 e5 2. Nf3 d6 3. d4 Nf6 4. dxe5 Nxe4 5. Qd5 Nc5 6. Bg5 Qd7 7. Nc3 c6 8.
Qd2 dxe5 9. Nxe5 Qxd2+ 10. Bxd2 Be7 11. O-O-O O-O 12. Be2 Nbd7 13. Bf4 Nf6 14.
Bf3 Be6 15. Bg3 Rad8 16. Bxc6 bxc6 17. Nxc6 Rxd1+ 18. Rxd1 Re8 19. Nxe7+ Rxe7
20. Bd6 Rd7 21. Bxc5 Rxd1+ 22. Kxd1 a6 23. Kd2 Nd5 24. Ne2 f6 25. Nd4 Bd7 26.
g3 Kf7 27. c4 Nc7 28. Bb6 Ne6 29. Ne2 Ke7 30. b4 Kd6 31. f4 f5 32. Kc3 g6 33.
Bd4 Bc6 34. Be5+ Kd7 35. Nc1 Kc8 36. Nd3 Kd7 37. Bd4 Kc7 38. Ne5 Be8 39. Be3
Kd6 40. Kb3 Nd8 41. a4 Nb7 42. b5 axb5 43. axb5 g5 44. Kb4 gxf4 45. gxf4 Bh5
46. c5+ Kd5 47. c6 Nd6 48. b6 1-0

[Event "Quebec op U2000"]
[Site "Montreal CAN"]
[Date "2010.07.28"]
[Round "6"]
[White "Morin, Louis"]
[Black "Ramaswamy, Kiran"]
[Result "0-1"]
[WhiteElo "1928"]
[BlackElo "1782"]
[PlyCount "54"]
[EventDate "2010.07.24"]
[EventType "swiss"]
[EventRounds "9"]
[EventCountry "CAN"]

1. e4 c5 2. d4 cxd4 3. c3 dxc3 4. Nxc3 Nc6 5. Nf3 e6 6. Bc4 Bc5 7. O-O d6 8.
Qe2 Qc7 9. Rd1 Nf6 10. a3 a6 11. h3 O-O 12. Bf4 Ne5 13. Ba2 b5 14. Rac1 Qb8 15.
b4 Bb6 16. Rxd6 Qxd6 17. Bxe5 Qe7 18. Nd4 Bb7 19. Qe3 Rac8 20. Qg5 Bc7 21. Nd5
Bxd5 22. Rxc7 Rxc7 23. Bxd5 h6 24. Qg3 Rc1+ 25. Kh2 Nh5 26. Qf3 exd5 27. Qxh5
g6 0-1

[Event "Quebec op U2000"]
[Site "Montreal CAN"]
[Date "2010.07.29"]
[Round "7"]
[White "Sprumont, Oscar"]
[Black "Morin, Louis"]
[Result "1-0"]
[WhiteElo "1724"]
[BlackElo "1928"]
[PlyCount "107"]
[EventDate "2010.07.24"]
[EventType "swiss"]
[EventRounds "9"]
[EventCountry "CAN"]

1. f4 d6 2. g3 e5 3. d3 Nf6 4. Bg2 Be7 5. Nc3 O-O 6. Nf3 Nc6 7. O-O Rb8 8. e4
b5 9. Be3 Ng4 10. Bd2 d5 11. Nxd5 Bc5+ 12. Kh1 Nf2+ 13. Rxf2 Bxf2 14. fxe5 Bg4
15. Qf1 Bd4 16. c3 Bxe5 17. d4 Bf6 18. Qd3 Bd7 19. h4 g6 20. Nxf6+ Qxf6 21. Bg5
Qg7 22. e5 f6 23. Bxf6 Rxf6 24. exf6 Qxf6 25. Rf1 Bf5 26. Qd2 Re8 27. Re1 Be4
28. Ng5 Bxg2+ 29. Kxg2 Rf8 30. Qe2 Nd8 31. Rf1 Qxf1+ 32. Qxf1 Rxf1 33. Kxf1 h6
34. Ne4 Kf7 35. Ke2 Ke6 36. Nc5+ Kf5 37. Kf3 h5 38. a4 c6 39. axb5 cxb5 40. Na6
Nb7 41. Nc5 Nd6 42. Na6 Nc4 43. Nc7 a5 44. Nxb5 Nxb2 45. Na3 a4 46. c4 Nd3 47.
c5 Nb4 48. Nb5 Nc2 49. c6 Ke6 50. d5+ Ke7 51. d6+ Ke6 52. c7 Kd7 53. Na7 Nd4+
54. Kf2 1-0

[Event "Quebec op U2000"]
[Site "Montreal CAN"]
[Date "2010.07.30"]
[Round "8"]
[White "Morin, Louis"]
[Black "Adam, Dany"]
[Result "1-0"]
[WhiteElo "1928"]
[BlackElo "1613"]
[PlyCount "101"]
[EventDate "2010.07.24"]
[EventType "swiss"]
[EventRounds "9"]
[EventCountry "CAN"]

1. e4 c5 2. d4 cxd4 3. c3 dxc3 4. Nxc3 Nc6 5. Nf3 d6 6. Bc4 Bg4 7. Bxf7+ Kd7 8.
h3 Bxf3 9. Qxf3 Qa5 10. O-O Nf6 11. Be3 Rb8 12. Bb3 g6 13. Qe2 Rd8 14. Qc4 Kc8
15. Ba4 Kb8 16. Bxc6 bxc6 17. Qxc6 Rc8 18. Qb5+ Qxb5 19. Nxb5 a6 20. Nc3 Bg7
21. Rac1 Rc4 22. f3 Rhc8 23. Ne2 Rc2 24. Nd4 Rxb2 25. Rb1 Rb7 26. Rxb7+ Kxb7
27. Rb1+ Ka8 28. Rb6 Rc3 29. Rxa6+ Kb7 30. Ra7+ Kxa7 31. Nb5+ Ka6 32. Nxc3 Nd7
33. Nd5 Bf6 34. Nxf6 Nxf6 35. Bd4 Nd7 36. Kf2 Kb5 37. Ke3 e6 38. Kd3 Kb4 39.
Bb2 Nc5+ 40. Kd4 Na4 41. Bc1 Nb6 42. Bf4 Nc4 43. Bxd6+ Nxd6 44. Ke5 Nc4+ 45.
Kxe6 Ne3 46. g4 Ng2 47. Kf6 Nf4 48. h4 Ng2 49. e5 Nxh4 50. e6 g5 51. e7 1-0

[Event "Quebec op U2000"]
[Site "Montreal CAN"]
[Date "2010.07.31"]
[Round "9"]
[White "Cote-Lalumiere, Tristan"]
[Black "Dion, Etienne"]
[Result "1/2-1/2"]
[WhiteElo "1799"]
[BlackElo "1755"]
[PlyCount "136"]
[EventDate "2010.07.24"]
[EventType "swiss"]
[EventRounds "9"]
[EventCountry "CAN"]

1. e4 e5 2. f4 Qh4+ 3. g3 Qe7 4. fxe5 d6 5. Nc3 dxe5 6. Nf3 Nc6 7. Bc4 Bg4 8.
h3 Bd7 9. d3 O-O-O 10. Be3 f6 11. Qe2 Qd6 12. O-O-O a6 13. g4 Nd4 14. Qf2 c5
15. Nd5 Ne7 16. c3 Nxd5 17. Bxd5 Qc7 18. Kb1 Nxf3 19. Qxf3 Kb8 20. d4 Bd6 21.
Rd2 c4 22. Qf2 Rde8 23. dxe5 Bxe5 24. Bb6 Qc8 25. Rhd1 Bc6 26. Qf5 g6 27. Qxc8+
Rxc8 28. Bxc4 Bxe4+ 29. Bd3 Bc6 30. Bc2 Rhe8 31. Rd8 Rexd8 32. Rxd8 Rxd8 33.
Bxd8 Kc8 34. Bb6 Bg3 35. Bb3 Kd7 36. Bg8 h6 37. Be3 Bg2 38. Bxh6 Bxh3 39. Bd5
b5 40. Bf3 Ke6 41. Bb7 a5 42. Be3 Ke5 43. Bd4+ Ke6 44. Bc8+ Ke7 45. Bb6 a4 46.
Kc2 f5 47. gxf5 gxf5 48. a3 Kf6 49. b3 axb3+ 50. Kxb3 Bf1 51. a4 bxa4+ 52. Kxa4
Bd6 53. Bd4+ Kg5 54. Bxf5 Kxf5 55. Kb3 Ke4 56. Kc2 Bb5 57. Kb3 Kd3 58. Bf6 Bc4+
59. Kb2 Bd5 60. Kb1 Kc4 61. Kc2 Bf4 62. Kb2 Bc6 63. Bg7 Ba4 64. Bd4 Bd1 65. Bf6
Kb5 66. Bd4 Ka4 67. Bf6 Bb3 68. Bd4 Bd6 1/2-1/2

[Event "Quebec op U2000"]
[Site "Montreal CAN"]
[Date "2010.07.31"]
[Round "9"]
[White "Duplessis, Jean-Roch"]
[Black "Morin, Louis"]
[Result "0-1"]
[WhiteElo "1687"]
[BlackElo "1928"]
[PlyCount "40"]
[EventDate "2010.07.24"]
[EventType "swiss"]
[EventRounds "9"]
[EventCountry "CAN"]

1. e4 e5 2. Nf3 d6 3. d4 Nf6 4. dxe5 Nxe4 5. Qd5 Nc5 6. Bg5 Qd7 7. exd6 Bxd6 8.
Nc3 O-O 9. O-O-O Nc6 10. Bb5 Qg4 11. Bxc6 bxc6 12. Qd4 Qxg2 13. Rhg1 Qxf3 14.
Bh6 Ne6 15. Rxg7+ Kh8 16. Rg5+ f6 17. Bg7+ Nxg7 18. Rxg7 Kxg7 19. Rg1+ Kf7 20.
Qh4 Qf4+ 0-1

[Event "Quebec op inv."]
[Site "Montreal CAN"]
[Date "2010.07.24"]
[Round "1"]
[White "Barbeau, Sylvain"]
[Black "Rousseau, Daniel"]
[Result "1-0"]
[WhiteElo "2337"]
[BlackElo "2093"]
[PlyCount "89"]
[EventDate "2010.07.24"]
[EventType "swiss"]
[EventRounds "9"]
[EventCountry "CAN"]

1. Nf3 Nf6 2. g3 g6 3. b4 Bg7 4. Bb2 O-O 5. Bg2 d6 6. O-O Nbd7 7. c4 e5 8. Nc3
Re8 9. Qc2 h6 10. d3 Nf8 11. Nd5 Ne6 12. e3 Nd7 13. b5 c6 14. bxc6 bxc6 15. Nc3
Rb8 16. Rab1 Qc7 17. Ba3 Bb7 18. Nd2 d5 19. cxd5 cxd5 20. Rfc1 Nf6 21. Qa4 Bc6
22. Nxd5 Rxb1 23. Nxb1 Bxa4 24. Nxc7 Rc8 25. Nxe6 Rxc1+ 26. Bxc1 fxe6 27. Nc3
Bc2 28. Bf1 Nd5 29. Nxd5 exd5 30. f4 exf4 31. gxf4 Kf7 32. Kf2 Bb1 33. a3 Ke6
34. Ke2 Bc3 35. Bd2 Bb2 36. Bb4 a5 37. Bc5 Kd7 38. Kd2 Kc6 39. Bf8 h5 40. Bh3
d4 41. Be6 dxe3+ 42. Kxe3 Bc1+ 43. Ke4 g5 44. f5 Bf4 45. f6 1-0

[Event "Quebec op inv."]
[Site "Montreal CAN"]
[Date "2010.07.24"]
[Round "1"]
[White "Lenderman, Alex"]
[Black "Leveille, Francois"]
[Result "1-0"]
[WhiteElo "2553"]
[BlackElo "2284"]
[PlyCount "73"]
[EventDate "2010.07.24"]
[EventType "swiss"]
[EventRounds "9"]
[EventCountry "CAN"]

1. d4 d5 2. c4 c6 3. Nf3 Nf6 4. Nc3 dxc4 5. a4 Na6 6. e3 Bg4 7. Bxc4 e6 8. h3
Bh5 9. O-O Nb4 10. Be2 Be7 11. Ne5 Bxe2 12. Qxe2 O-O 13. Rd1 c5 14. e4 cxd4 15.
Nb5 a6 16. Nxd4 Qa5 17. Nc4 Qc7 18. Bg5 Rac8 19. b3 h6 20. Bc1 Rfd8 21. Bb2 b6
22. e5 Nfd5 23. Qg4 Bc5 24. Nd6 Nc3 25. Bxc3 Bxd6 26. Bxb4 Bxb4 27. Nxe6 fxe6
28. Qxb4 Rxd1+ 29. Rxd1 Qxe5 30. Qxb6 Qe2 31. Qd4 Rc2 32. Qd8+ Kf7 33. Qd4 Rb2
34. Rc1 Kg8 35. Rc7 e5 36. Qd5+ Kh7 37. Qf7 1-0

[Event "Quebec op inv."]
[Site "Montreal CAN"]
[Date "2010.07.24"]
[Round "1"]
[White "Sambuev, Bator"]
[Black "Makka, Ioulia"]
[Result "1-0"]
[WhiteElo "2478"]
[BlackElo "2175"]
[PlyCount "47"]
[EventDate "2010.07.24"]
[EventType "swiss"]
[EventRounds "9"]
[EventCountry "CAN"]

1. d4 Nf6 2. c4 e6 3. Nc3 Bb4 4. e3 O-O 5. Bd3 d5 6. Nf3 c5 7. O-O cxd4 8. exd4
dxc4 9. Bxc4 Qc7 10. Qe2 Bxc3 11. bxc3 b6 12. Ne5 Bb7 13. Bf4 Qc8 14. Bd3 Qxc3
15. Rfd1 Qa5 16. Qe3 Qd5 17. Qh3 g6 18. Bc4 Qe4 19. Bh6 Re8 20. Re1 Qxd4 21.
Rad1 Qc5 22. Nxf7 Ne4 23. Rxe4 Bxe4 24. Qc3 1-0

[Event "Quebec op inv."]
[Site "Montreal CAN"]
[Date "2010.07.25"]
[Round "2"]
[White "Gagunashvili, Merab"]
[Black "Modwal, Sankalp"]
[Result "0-1"]
[WhiteElo "2596"]
[BlackElo "2177"]
[PlyCount "88"]
[EventDate "2010.07.24"]
[EventType "swiss"]
[EventRounds "9"]
[EventCountry "CAN"]

1. Nf3 Nf6 2. c4 e6 3. Nc3 b6 4. g3 Bb7 5. Bg2 Be7 6. O-O O-O 7. Re1 c5 8. e4
d6 9. d4 cxd4 10. Nxd4 Nfd7 11. b3 Nc6 12. Bb2 a6 13. Nde2 Nc5 14. f4 Bf6 15.
a4 Qc7 16. Rb1 Rfd8 17. Ba3 Na7 18. Kh1 Rab8 19. Rc1 Ba8 20. g4 g6 21. Qc2 Qe7
22. Ng3 Bg7 23. b4 Nd7 24. Qd2 Qh4 25. Bf3 e5 26. f5 Bh6 27. Qxd6 Bf4 28. Nce2
Nf6 29. Qc7 Nxg4 30. Bxg4 Rb7 31. Qxd8+ Qxd8 32. Rcd1 Rd7 33. Nxf4 exf4 34.
fxg6 Rd3 35. gxf7+ Kxf7 36. Rf1 Kg6 37. Bh5+ Kg7 38. Nf5+ Kf6 39. Bb2+ Kg5 40.
Bf3 Bxe4 41. Nd4 Rxf3 42. Rxf3 Kh5 43. Rdf1 Nc6 44. Ne2 Qd2 0-1

[Event "Quebec op inv."]
[Site "Montreal CAN"]
[Date "2010.07.25"]
[Round "2"]
[White "Ghannoum, Marc"]
[Black "Martchenko, Alexander"]
[Result "0-1"]
[WhiteElo "2230"]
[BlackElo "2138"]
[PlyCount "32"]
[EventDate "2010.07.24"]
[EventType "swiss"]
[EventRounds "9"]
[EventCountry "CAN"]

1. e4 c5 2. Nc3 Nc6 3. f4 e6 4. Nf3 a6 5. d4 d5 6. dxc5 Bxc5 7. exd5 exd5 8.
Nxd5 Nf6 9. Qe2+ Be6 10. Nxf6+ Qxf6 11. c3 O-O-O 12. Be3 Rhe8 13. Bxc5 Bc4 14.
Qxe8 Rxe8+ 15. Kf2 Qxf4 16. g3 Qf5 0-1

[Event "Quebec op inv."]
[Site "Montreal CAN"]
[Date "2010.07.25"]
[Round "2"]
[White "Guichard, Pauline"]
[Black "Qin, Zi Yi (Joey)"]
[Result "0-1"]
[WhiteElo "2320"]
[BlackElo "2177"]
[PlyCount "58"]
[EventDate "2010.07.24"]
[EventType "swiss"]
[EventRounds "9"]
[EventCountry "CAN"]

1. d4 Nf6 2. c4 g6 3. Nc3 Bg7 4. e4 d6 5. Be2 O-O 6. Nf3 e5 7. O-O Nc6 8. d5
Ne7 9. Ne1 Nd7 10. Be3 f5 11. f3 f4 12. Bf2 g5 13. Rc1 Rf6 14. Nd3 Rh6 15. c5
Qe8 16. Nb5 Qh5 17. h4 gxh4 18. Nxc7 Rg6 19. Kh1 Rg3 20. cxd6 h3 21. Bxg3 fxg3
22. f4 hxg2+ 23. Kxg2 Qh2+ 24. Kf3 exf4 25. dxe7 Ne5+ 26. Nxe5 Qh5+ 27. Kxf4
Bh6+ 28. Kxg3 Qh3+ 29. Kf2 Be3+ 0-1

[Event "Quebec op inv."]
[Site "Montreal CAN"]
[Date "2010.07.25"]
[Round "2"]
[White "Hambleton, Aman"]
[Black "Sapozhnikov, Roman"]
[Result "1/2-1/2"]
[WhiteElo "2131"]
[BlackElo "2248"]
[PlyCount "42"]
[EventDate "2010.07.24"]
[EventType "swiss"]
[EventRounds "9"]
[EventCountry "CAN"]

1. d4 Nf6 2. c4 g6 3. Nc3 Bg7 4. e4 d6 5. f3 O-O 6. Be3 e5 7. Nge2 Nbd7 8. Qd2
c6 9. O-O-O a6 10. d5 cxd5 11. cxd5 b5 12. Kb1 Nb6 13. Nc1 b4 14. Bxb6 Qxb6 15.
Na4 Qa5 16. b3 Bd7 17. Nb2 Qb6 18. Nc4 Qb8 19. Na5 Qb6 20. Nc4 Qb8 21. Na5 Qb6
1/2-1/2

[Event "Quebec op inv."]
[Site "Montreal CAN"]
[Date "2010.07.25"]
[Round "2"]
[White "Leveille, Francois"]
[Black "Calugar, Arthur"]
[Result "1-0"]
[WhiteElo "2284"]
[BlackElo "2144"]
[PlyCount "101"]
[EventDate "2010.07.24"]
[EventType "swiss"]
[EventRounds "9"]
[EventCountry "CAN"]

1. d4 Nf6 2. c4 g6 3. Nc3 d5 4. Nf3 Bg7 5. cxd5 Nxd5 6. Bd2 Nb6 7. Bg5 O-O 8.
e3 N8d7 9. Be2 Nf6 10. O-O Be6 11. h3 Nbd5 12. Na4 Ne4 13. Bh4 f5 14. Nd2 Nxd2
15. Qxd2 b6 16. Bc4 Qd7 17. Nc3 c6 18. Rac1 f4 19. Bxd5 Bxd5 20. exf4 e6 21.
Rfe1 Rf5 22. b3 Raf8 23. Bg3 Bh6 24. Nxd5 Rxd5 25. Qc3 Rc8 26. Qe3 Kf7 27. Rc2
Rxd4 28. Rce2 Re8 29. Qf3 Qd5 30. Re4 Rxe4 31. Rxe4 Rd8 32. Kh2 c5 33. Qe2 Bg7
34. f5 Re8 35. fxg6+ hxg6 36. Be5 Bxe5+ 37. Rxe5 Qd4 38. g3 Kg7 39. Kg1 Qd6 40.
h4 Kf6 41. Rg5 Rd8 42. Qf3+ Kg7 43. Qe4 e5 44. h5 Kh7 45. Rxe5 Rd7 46. Kh2 Qf6
47. Kg2 Rf7 48. f4 Rd7 49. hxg6+ Kg7 50. Rh5 Qxg6 51. Rg5 1-0

[Event "Quebec op inv."]
[Site "Montreal CAN"]
[Date "2010.07.25"]
[Round "2"]
[White "Makka, Ioulia"]
[Black "Rousseau, Daniel"]
[Result "0-1"]
[WhiteElo "2175"]
[BlackElo "2093"]
[PlyCount "134"]
[EventDate "2010.07.24"]
[EventType "swiss"]
[EventRounds "9"]
[EventCountry "CAN"]

1. d4 Nf6 2. g3 g6 3. Bg2 Bg7 4. e4 d6 5. Ne2 O-O 6. O-O c5 7. h3 cxd4 8. Nxd4
Qb6 9. Nb3 Nc6 10. Be3 Qc7 11. Nc3 Be6 12. g4 Rfc8 13. f4 Bc4 14. Rf2 b5 15.
Nd2 Rab8 16. a4 b4 17. Nxc4 bxc3 18. b3 Na5 19. Nxa5 Qxa5 20. Bf3 Rb4 21. Qd3
Nd7 22. e5 Nc5 23. Qxc3 dxe5 24. Qe1 exf4 25. Bd2 Na6 26. Bxb4 Nxb4 27. Rd1 Qb6
28. Qd2 Bf6 29. Kh1 Kg7 30. c4 Nd3 31. Rff1 Nb2 32. Rb1 Qxb3 33. g5 Bc3 34. Qd7
Qxc4 35. Qxe7 Rc7 36. Qd6 Nd3 37. Rb8 Rc8 38. Rxc8 Qxc8 39. Kh2 Qf5 40. Bg4 Qe4
41. Qa3 Be5 42. Bf3 Qe3 43. Qa2 Nb2 44. Qd5 Nxa4 45. Qe4 Nc3 46. Qxe3 fxe3+ 47.
Kg2 a5 48. Ra1 a4 49. Ra3 Bd4 50. Kf1 Kf8 51. Be2 Ke7 52. Bc4 Be5 53. Bd3 Kd6
54. Bc4 Kc5 55. Bd3 Kb4 56. Ra1 a3 57. Re1 Bd4 58. Kg2 a2 59. Kf3 Ka3 60. Bc4
Kb2 61. Bxa2 Kxa2 62. h4 Kb2 63. Rh1 e2 64. h5 Kc2 65. hxg6 hxg6 66. Kf4 Kd2
67. Rh2 Kd1 0-1

[Event "Quebec op inv."]
[Site "Montreal CAN"]
[Date "2010.07.25"]
[Round "2"]
[White "Sambuev, Bator"]
[Black "Lenderman, Alex"]
[Result "1-0"]
[WhiteElo "2478"]
[BlackElo "2553"]
[PlyCount "183"]
[EventDate "2010.07.24"]
[EventType "swiss"]
[EventRounds "9"]
[EventCountry "CAN"]

1. e4 c6 2. d4 d5 3. exd5 cxd5 4. c4 Nf6 5. Nc3 e6 6. Nf3 Bb4 7. Bd3 dxc4 8.
Bxc4 O-O 9. O-O Nc6 10. Bg5 h6 11. Bh4 Be7 12. Re1 Nh5 13. Bxe7 Nxe7 14. d5
exd5 15. Nxd5 Nxd5 16. Bxd5 Qf6 17. Qd4 Qxd4 18. Nxd4 Rd8 19. Bf3 Nf6 20. Nb3
Rb8 21. Na5 Bf5 22. Bxb7 Rd7 23. Bc6 Rc7 24. b3 Rb6 25. Rec1 Rb8 26. h3 Kf8 27.
Bf3 Rbc8 28. Rxc7 Rxc7 29. Rd1 g5 30. Nc6 h5 31. Nd4 Bd7 32. Be2 g4 33. hxg4
hxg4 34. Kf1 Rc5 35. Bc4 Ne4 36. f3 gxf3 37. gxf3 Nf6 38. Ke2 Rh5 39. Ke3 Re5+
40. Kd2 Rh5 41. Re1 Nd5 42. a3 Rh2+ 43. Re2 Rh4 44. Re4 Rh2+ 45. Kd3 Rh5 46. b4
Nf6 47. Re1 Ne8 48. Bb3 Nd6 49. Rc1 Rh7 50. Rc5 a6 51. a4 Ke8 52. Ra5 Bc8 53.
Bd5 Kd8 54. Kc3 Rh5 55. Rc5 Rg5 56. Nc6+ Ke8 57. Ne5 Ke7 58. Be4 Rg3 59. Bd3
Bb7 60. Rc7+ Ke6 61. f4 Be4 62. Kd4 Nf5+ 63. Kc4 Nd6+ 64. Kc5 f6 65. Bc4+ Nxc4
66. Nxc4 Rd3 67. Kb6 Rd4 68. Kxa6 Bd3 69. Rc6+ Kd5 70. Rc5+ Ke4 71. Kb5 Rd8 72.
Kc6 Rd4 73. Nd6+ Kxf4 74. b5 Rxa4 75. b6 Rb4 76. Rc3 Bf1 77. Rc2 Kg3 78. Nf5+
Kh3 79. Ne3 Bd3 80. Rc3 Be4+ 81. Kc5 Rb1 82. Nc4+ Kg2 83. Nd2 Re1 84. Nxe4 Rxe4
85. b7 Re8 86. Rb3 Rb8 87. Kd5 Kf2 88. Ke6 Ke2 89. Kxf6 Kd2 90. Ke6 Kc2 91. Rb6
Kc3 92. Kd6 1-0